Parent-infant relationships

Bibliographic Details
Main Author: Harvey, David [ (David Robert)] (Author)
Format: Book
Published: Chichester New York : John Wiley , c1987
Series:Perinatal practice v. 4
Subjects:

MARC

LEADER 00000cam a2200000 7i4500
001 0000010607
005 20031203093000.0
008 021119s1987
020 |a 0471901202 
090 0 0 |a BF720.P37   |b P37 1987 
245 0 0 |a Parent-infant relationships   |c guest editor, David Harvey 
260 2 |a Chichester   |a New York :   |b John Wiley ,   |c c1987 
300 |a xii, 177 p. ;   |c 25 cm. 
440 0 0 |a Perinatal practice   |v v. 4 
504 |a Includes bibliographies and index 
650 0 |a Infant psychology 
650 0 |a Parent and infant 
650 0 |a Mother and infant 
700 0 |a Harvey, David [  |q (David Robert)] ,   |e author 
999 |a 1000000585   |b Book   |c OPEN SHELF (30 DAYS)   |e Gong Badak Campus